FORLANG. Cudzie jazyky v akademickom prostredí periodický zborník vedeckých príspevkov a odborných článkov z medzinárodnej vedeckej konferencie konanej 6. - 7. júna 2019
Uložené v:
| Korporácia: | , |
|---|---|
| Ďalší autori: | , , , , |
| Médium: | Kniha |
| Jazyk: | Slovak English German |
| Vydavateľské údaje: |
Košice
Katedra jazykov Technickej univerzity v Košiciach
2019
|
| Vydanie: | 1. vydanie |
| Predmet: | |
| Tagy: |
Žiadne tagy, Buďte prvý, kto otaguje tento záznam!
|
MARC
| LEADER | 00000nam a2200000 4500 | ||
|---|---|---|---|
| 001 | 0259642 | ||
| 005 | 20240822101706.9 | ||
| 020 | |a 978-80-553-3398-4 | ||
| 022 | |a 1338-5496 | ||
| 041 | 0 | |a slo | |
| 041 | 0 | |a eng | |
| 041 | 0 | |a ger | |
| 044 | |a SK | ||
| 245 | 1 | 0 | |a FORLANG. Cudzie jazyky v akademickom prostredí |b periodický zborník vedeckých príspevkov a odborných článkov z medzinárodnej vedeckej konferencie konanej 6. - 7. júna 2019 |c eds: Eva Kaščáková, Henrieta Kožaríková |
| 250 | |a 1. vydanie | ||
| 264 | 1 | |a Košice |b Katedra jazykov Technickej univerzity v Košiciach |c 2019 | |
| 300 | |a [449] s. | ||
| 610 | 2 | 0 | |a jazyky cudzie |
| 610 | 2 | 0 | |a vzdelávanie |
| 610 | 2 | 0 | |a prekladateľstvo |
| 700 | 1 | |a Kaščáková, Eva | |
| 700 | 1 | |a Kožaríková, Henrieta | |
| 700 | 1 | |a Alieva, Lenka | |
| 700 | 1 | |a Czéreová, Beáta | |
| 700 | 1 | |a Hájik, Tomáš | |
| 110 | 2 | |a FORLANG 2019. cudzie jazyky v akademickom prostredí | |
| 710 | 2 | |a Technická univerzita v Košiciach. Katedra jazykov | |